Kembara Dua Ekor Tikus / (Record no. 196225)
[ view plain ]
| 000 -LEADER | |
|---|---|
| fixed length control field | 00915nam a2200277 ia4500 |
| 005 - DATE AND TIME OF LATEST TRANSACTION | |
| control field | 20240711123356.0 |
| 008 - FIXED-LENGTH DATA ELEMENTS--GENERAL INFORMATION | |
| fixed length control field | 240711s2024 my a b 000 1 may d |
| 020 ## - INTERNATIONAL STANDARD BOOK NUMBER | |
| International Standard Book Number | 9789672791065 |
| Terms of availability | RM28.00 |
| Qualifying information | paperback |
| 040 ## - CATALOGING SOURCE | |
| Original cataloging agency | PPAK |
| Language of cataloging | eng |
| Transcribing agency | PPAK |
| Description conventions | rda |
| 082 04 - DEWEY DECIMAL CLASSIFICATION NUMBER | |
| Edition number | 23 |
| Classification number | 499.2386 |
| 090 00 - LOCALLY ASSIGNED LC-TYPE CALL NUMBER (OCLC); LOCAL CALL NUMBER (RLIN) | |
| Classification number (OCLC) (R) ; Classification number, CALL (RLIN) (NR) | 499.2386 |
| Feature heading | NUR |
| Feature heading | K |
| 100 0# - MAIN ENTRY--PERSONAL NAME | |
| Personal name | Nurul Huda, |
| Relator term | author. |
| 245 10 - TITLE STATEMENT | |
| Title | Kembara Dua Ekor Tikus / |
| Statement of responsibility, etc. | Olahan Semula: Nurul Huda |
| 264 #1 - PRODUCTION, PUBLICATION, DISTRIBUTION, MANUFACTURE, AND COPYRIGHT NOTICE | |
| Place of production, publication, distribution, manufacture | Mentakab, Pahang : |
| Name of producer, publisher, distributor, manufacturer | KK NG ENTERPRISE, |
| Date of production, publication, distribution, manufacture, or copyright notice | [2024?] |
| 300 ## - PHYSICAL DESCRIPTION | |
| Extent | 46 pages : |
| Other physical details | colour illustrations ; |
| Dimensions | 21 cm |
| 336 ## - CONTENT TYPE | |
| Content type term | text |
| Source | rdacontent |
| 337 ## - MEDIA TYPE | |
| Media type term | unmediated |
| Source | rdamedia |
| 338 ## - CARRIER TYPE | |
| Carrier type term | volume |
| Source | rdacarrier |
| 490 1# - SERIES STATEMENT | |
| Series statement | Siri Aspirasi Cilik Positif |
| 650 10 - SUBJECT ADDED ENTRY--TOPICAL TERM | |
| Topical term or geographic name entry element | Malay language |
| Form subdivision | Readers |
| Topical term or geographic name entry element | Children's stories, Malay |
| Topical term or geographic name entry element | Malay fiction |
| Topical term or geographic name entry element | Malaysian fiction (Malay) |
| 830 #0 - SERIES ADDED ENTRY--UNIFORM TITLE | |
| Uniform title | Siri aspirasi cilik positif |
| 942 ## - ADDED ENTRY ELEMENTS (KOHA) | |
| Source of classification or shelving scheme | Dewey Decimal Classification |
| Koha item type | Book |
| Withdrawn | Not for loan | Current library | Shelving location | Date acquired | Total Checkouts | Total Renewals | Full call number | Barcode | Checked out | Date last seen | Date last checked out | Koha item type |
|---|---|---|---|---|---|---|---|---|---|---|---|---|
| Perpustakaan Alor Setar | Pinjaman Kanak-kanak | 07/08/2024 | 7 | 1 | K 499.2386 NUR | A01833677 | 04/07/2026 | 13/06/2026 | 13/06/2026 | Book | ||
| Perpustakaan Awam Sungai Petani | Pinjaman Kanak-kanak | 07/08/2024 | 6 | 2 | K 499.2386 NUR | A01833678 | 25/02/2026 | 08/02/2026 | Book | |||
| Perpustakaan Baling | Pinjaman Kanak-kanak | 07/08/2024 | K 499.2386 NUR | A01833682 | 07/08/2024 | Book | ||||||
| Perpustakaan Bandar Baharu | Pinjaman Kanak-kanak | 07/08/2024 | 1 | K 499.2386 NUR | A01833683 | 31/07/2025 | 16/07/2025 | Book | ||||
| Perpustakaan Jitra | Pinjaman Kanak-kanak | 07/08/2024 | 2 | K 499.2386 NUR | A01833679 | 29/11/2025 | 15/11/2025 | Book | ||||
| Perpustakaan Kuala Nerang | Pinjaman Kanak-kanak | 07/08/2024 | 1 | K 499.2386 NUR | A01833687 | 06/11/2024 | 10/10/2024 | Book | ||||
| Perpustakaan Kulim | Pinjaman Kanak-kanak | 07/08/2024 | K 499.2386 NUR | A01833681 | 07/08/2024 | Book | ||||||
| Perpustakaan Langkawi | Pinjaman Kanak-kanak | 07/08/2024 | 1 | K 499.2386 NUR | A01833680 | 30/12/2025 | 03/12/2025 | Book | ||||
| Perpustakaan Merbok | Pinjaman Kanak-kanak | 07/08/2024 | K 499.2386 NUR | A01833684 | 07/08/2024 | Book | ||||||
| Perpustakaan Pendang | Pinjaman Kanak-kanak | 07/08/2024 | K 499.2386 NUR | A01833688 | 07/08/2024 | Book | ||||||
| Perpustakaan Sik | Pinjaman Kanak-kanak | 07/08/2024 | 3 | K 499.2386 NUR | A01833686 | 10/09/2025 | 14/08/2025 | Book | ||||
| Perpustakaan Yan | Pinjaman Kanak-kanak | 07/08/2024 | 3 | K 499.2386 NUR | A01833685 | 06/05/2026 | 12/06/2025 | Book |